W Jakim Mieście Leżą Najczęściej Odwiedzanie Miejsca w Polsce - Statystyki

Ogólne statystyki
  • Ten quiz został rozwiązany 138 razy
  • Średni wynik to 14 z 15
Statystyki odpowiedzi
TOP 15 Najczęściej Odwiedzane Miejsce Miasto % Poprawnych
8. Łazienki Królewskie Warszawa
100%
9. Stare Miasto w ... Warszawa
100%
10. Centrum Nauki Kopernik Warszawa
100%
11. Pałac Kultury i Nauki Warszawa
100%
12. Muzeum Pałacu Króla Jana III Warszawa
100%
5. Sukiennice Kraków
99%
6. Zamek na Wawelu Kraków
99%
7. Kościół Mariacki Kraków
99%
4. Kopalnia Soli Wieliczka
95%
13. Gubałówka Zakopane
95%
15. Jasna Góra Częstochowa
93%
2. Fontanna Neptuna Gdańsk
91%
1. Zamek Krzyżacki Malbork
89%
3. Obóz Koncentracyjny Auschwitz-Birkenau Oświęcim
87%
14. Morskie Oko Tatry
42%
Nie znaleziono quizów pasujących do podanych kryteriów
Rozkład punktacji
Procent ludzi z każdym wynikiem
Percentyl według liczby udzielonych odpowiedzi
Twoja historia wyników
Nie rozwiązałeś tego quizu